00634nam a2200193 450000500170000001000150001702000260003203500140005803700090007208200080008110000140008924501270010326000400023027000740027030000200034470000280036470000220039270000260041420250617113210.0 aENG-145412 a9789361634604c325.00 aEN-128944 bDBAD a657 aSindhu K. aFinance (Life Blood of an Organization)Accounts (Measures the Blood) Investment (Supplies the Blood)/cSindhu K....[et.al] aMaduraibShanlax Publicationsc2024 a61,66 Vasantha Nagar bMaduraie625003mshanlaxpublications@gmail.com a115p.c29cm(Pb) aGuddad, ShankareAuthor aShruthi SeAuthor aKusumitha B ReAuthor